000 00408nam a2200169Ia 4500
008 231221s9999 xx 000 0 und d
020 _a81-224-1481-8
041 _aEnglish
082 _a641.3 SRI;1 R
100 _aSrilakshmi, B
245 0 _aFood Science (2005 -
250 _a3rd ed.
260 _c2003
_bNew Age International
_aNew Delhi
300 _axiv+401
500 _aE.-509
942 _cHM
999 _c208309
_d208309